000 00543nam a2200157 i 4500
001 150709
003 ES-MaACL
005 20230906203644.0
007 t|
008 071106s1862 sp ||||1| spa d
245 0 0 _aDocumentos de los años 1861 y 62 presentados por el Señor Ministro de Estado de España, referentes a la cuestión de Méjico /
_c[Saturnino Calderón Collantes].
260 _a[S.l. :
_bs.n.,
_c1862?]
300 _a119 p. ;
_c21 cm.
700 1 _aCalderón Collantes, Saturnino.
_933609
852 _aES-MaACL
_jFol-Laf-407
999 _c150709
_d150709